The technique of marketing research /
| Άλλοι συγγραφείς: | Wheeler, Ferdinand C., King, Robert N., Arnold, Pauline., Bader. Louis., Falk, Alfred T. |
|---|---|
| Μορφή: | Βιβλίο |
| Γλώσσα: | English |
| Στοιχεία έκδοσης: |
New York:
McGraw-Hill Book Co.,
1937.
|
| Ταξινομικός αριθμός: |
658.8 TEC |
| Θέματα: | |
| Ετικέτες: |
Προσθήκη ετικέτας
Δεν υπάρχουν, Καταχωρήστε ετικέτα πρώτοι!
|
| LEADER | 00764nam a2200217 a 4500 | ||
|---|---|---|---|
| 001 | 1/36574 | ||
| 008 | 011128s1937 nyu 001 0 eng d | ||
| 035 | |l 39104 | ||
| 040 | |a DLC |b GR-PeUP | ||
| 082 | 0 | 0 | |a 658.8 TEC |
| 245 | 0 | 4 | |a The technique of marketing research / |c prepared by the Committee on Marketing Research Technique of the American Marketing Association. |
| 260 | |a New York: |b McGraw-Hill Book Co., |c 1937. | ||
| 300 | |a xvii, 432 σ. ; |c 24 εκ. | ||
| 500 | |a Περιέχει ευρετήριο. | ||
| 650 | 4 | |a Marketing. | |
| 700 | 1 | |a Wheeler, Ferdinand C. | |
| 700 | 1 | |a King, Robert N. | |
| 700 | 1 | |a Arnold, Pauline. | |
| 700 | 1 | |a Bader. Louis. | |
| 700 | 1 | |a Falk, Alfred T. | |
| 852 | |a INST |b UNIPILB |c MAIN |e 20090205 |h 658.8 TEC |p 00157780 |q 00157780 |t LOAN |y 0 |4 1 | ||